[Event "COL-ch U18 Girls"]
[Site "Yopal"]
[Date "2012.06.14"]
[Round "3"]
[White "Salamanca Chaparro, Lizbeth"]
[Black "Nope, Viviana"]
[Result "0-1"]
[WhiteElo "1336"]
[BlackElo "1520"]
[PlyCount "40"]
[EventDate "2012.06.13"]
[EventType "tourn"]
[EventRounds "9"]
[EventCountry "COL"]
[SourceTitle "EXT 2014"]
[Source "ChessBase"]
[SourceDate "2013.11.20"]
[SourceVersion "1"]
[SourceVersionDate "2013.11.20"]
[SourceQuality "1"]

1. e4 e6 2. d4 d5 3. e5 c5 4. c3 Nc6 5. f4 Qb6 6. b3 cxd4 7. cxd4 Bb4+ 8. Bd2 Qxd4 9. Nc3 Bxc3 10. Bxc3 Qxc3+ 11. Ke2 Qd4 12. Nf3 Qxd1+ 13. Kxd1 f6 14. Bd3 fxe5 15. fxe5 Nge7 16. Ng5 Nxe5 17. Bc2 h6 18. Nh3 0-0 19. Kd2 Bd7 20. Bd1 Rac8 0-1

[Event "COL-ch School U11"]
[Site "Sede"]
[Date "2011.??.??"]
[Round "4.12"]
[White "Ribero, Guillermo Andres"]
[Black "Salamanca Chaparro, Lizbeth"]
[Result "1-0"]
[WhiteElo "1358"]
[BlackElo "1500"]
[PlyCount "115"]
[EventDate "2011.02.23"]
[EventType "tourn"]
[EventRounds "7"]
[EventCountry "COL"]
[SourceTitle "EXT 2024"]
[Source "ChessBase"]
[SourceDate "2023.10.10"]
[SourceVersion "1"]
[SourceVersionDate "2023.10.10"]
[SourceQuality "1"]

1. e4 e5 2. Nf3 d6 3. Nc3 f5 4. Bc4 Nh6 5. d4 a6 6. dxe5 dxe5 7. Qxd8+ Kxd8 8. Ng5 Ke8 9. Ne6 Bxe6 10. Bxe6 c6 11. exf5 Nd7 12. Bxh6 gxh6 13. 0-0-0 Rd8 14. Bxd7+ Rxd7 15. Rhe1 Kd8 16. Rxd7+ Kxd7 17. Rxe5 Bd6 18. Re1 Rf8 19. Rd1 Kc7 20. Ne4 Bf4+ 21. Kb1 Re8 22. Nc5 Kb6 23. Nd7+ Kc7 24. Nf6 Rd8 25. Rxd8 Kxd8 26. Nxh7 Ke7 27. g3 Be5 28. f4 Bc7 29. g4 Kf7 30. g5 hxg5 31. Nxg5+ Kf6 32. Ne4+ Kxf5 33. Nc5 b6 34. Nxa6 Bxf4 35. b4 b5 36. Kb2 Be5+ 37. Kb3 Ke6 38. c4 bxc4+ 39. Kxc4 Bxh2 40. a4 Kd6 41. Nc5 Bg1 42. Ne4+ Kc7 43. Nc5 Bxc5 44. Kxc5 Kb7 45. a5 Kc7 46. a6 Kb8 47. Kb6 Ka8 48. Kxc6 Ka7 49. b5 Ka8 50. b6 Kb8 51. b7 Ka7 52. Kc7 Kxa6 53. b8Q Ka5 54. Kc6 Ka4 55. Kc5 Ka3 56. Kc4 Ka2 57. Kc3 Ka1 58. Qb2# 1-0